Plastics : materials and processing /

Guardado en:
Autor Principal: Strong, A. Brent.
Formato: Libro
Idioma:English
Publicado: Upper Saddle River, NJ : Prentice Hall, c2000.
Edición:2nd ed.
Materias:
Etiquetas: Agregar Etiqueta
Sin Etiquetas, Sea el primero en etiquetar este registro!
LEADER 00777cam a22002415a 4500
001 EIQ.libpla001154
008 990712s2000####njua#####b####001#0#eng#d
005 20060810173503.0
245 1 0 |a Plastics :  |b materials and processing /  |c A. Brent Strong. 
250 |a 2nd ed. 
260 |a Upper Saddle River, NJ :  |b Prentice Hall,  |c c2000. 
300 |a xi, 811 p. :  |b il. ;  |c 25 cm. 
504 |a Incluye referencias bibliográficas e índice. 
020 |a 0130216267 
100 1 |a Strong, A. Brent. 
082 0 0 |a 620.1/923  |2 21 
650 4 |a Plásticos  |x Proceso. 
650 4 |a Plásticos  |x Materiales. 
650 4 |a Plastics  |x Materials. 
650 4 |a Plastics  |x Processing. 
010 |a  99038587  
040 |a DLC  |c DLC  |d AR-BbSID 
859 |a AR-BbSID  |b BIB. PLAPIQUI  |h 620.192 3  |i St 88  |p 5272